01656 a2200229 45000010006000000050017000060080041000230030015000640400040000790800033001192450046001520200018001982640032002163000019002485050922002671000026011897000033012157000024012487000031012727000024013038560099013274720620260407155740.0260407a1996 arg spa dAR-UNSa-BCEJYS aAR-UNSa-BCEJYSbspacAR-UNSa-BCEJYS a330.101.541xMacroeconomía10aCuestiones y problemas de Macroeconomía a84-481-0268-1 1aMadrid :bMcGraw-Hillc1996 a341 p.c24 cm. aParte I: La economía española como marco de referencia: 1. Evolución reciente de las principales magnitudes macroeconómicas (I) - 2. Evolución reciente de las principales magnitudes macroeconómicas (II) - Parte II: Ejercicios y cuestiones de los principales temas macroeconómicos: 3. Mercado de trabajo competitivo y desempleo - 4. El sector del gasto: La demanda de bienes y servicios - 5. Mercado de dinero y política monetaria - 6. Mercado de divisas y tipo de cambio - 7. Demanda agregada en una economía abierta (I) - 8. Demanda agregada en una economía abierta (II). El modelo IS-LM-BP con movilidad imperfecta y perfecta del capital - 9. Oferta agregada (I). Desempleo de equilibrio y políticas - 10. Oferta agregada (II). Desempleo de equilibrio, competitividad y políticas - 11. Fluctuaciones cíclicas y políticas de estabilización: especial énfasis en la política fiscal - 1 aGamez Amian, Consuelo1 aMochón Morcillo, Francisco1 aGrana, J. Francisco1 aGarcía- Alarcón, Borja1 aTorres, José Luis41uhttps://www.biblioeco.unsa.edu.ar/pmb/images/libros/L127433.jpgyImagen de portadaqimage/jpeg